000 00305 a2200145 4500
001 174018
020 _a
040 _cMagnum
100 _aPulaski, Mary Ann Spencer
240 1 0 _aCompreendendo piaget
_lpor
245 1 0 _aCompreendendo piaget
362 0 _a1899
697 _aPSICOLOGIA
942 _cBK
999 _c174018
_d174018